000 00652nam a2200217Ia 4500
003 OSt
005 20220822092710.0
008 220822b |||||||| |||| 00| 0 eng d
020 _a0894130927
040 _cIFM Library
082 _a657.45
100 _aSawyer, Lawrence B.
_91664
245 4 _aThe Practice of Modern Internal Auditing: The Practice of Modern Internal Auditing.
250 _a2 ed
260 _aFlorida
_bThe Institute of Internal Auditors
_c1983
260 _bThe Institute of Internal Auditors
300 _axiv, 882 p.
_b ill.; 23 cm.
500 _aInclude index
650 _aAuditingAccounting
_9202
942 _cBK
_2ddc
_n0
999 _c6053
_d6053